Era uma vez um Rei Conquistador (Registo nº 201593)

Detalhes MARC
000 -Etiqueta do registo
Valores 00651nam 22002173 4500
010 ## - Número ISBN
ISBN 978-989-555-451-5
021 ## - Número do Depósito Legal
Código do país Portugal
Número 292699/09
100 ## - Dados gerais de processamento
Dados gerais 20260331d u||y0pory50 ba
200 ## - Titulo e menção de responsabilidade
Título próprio Era uma vez um Rei Conquistador
Primeira menção de responsabilidade José Jorge Letria
Outras menções de responsabilidade ilustrado por Afonso Cruz
205 ## - Menção da edição
Edição
210 ## - Publicação
Local de publicação Alfragide
Nome do editor Oficina do Livro
Data de publicação 2009
215 ## - Descrição física 
Paginação / Volumes 44, [1] p.
Outras indicações físicas il. ; encadernado
Dimensões 28 cm
606 ## - Nome comum usado como assunto
ID Autoridade 1574
Palavra de ordem História de Portugal
675 ## - CDU
Notação 94 (469)-93
Edição PT
Língua por
700 ## - Autor principal (pessoa individual)
ID Autoridade 1079
Apelido Letria
Nome José Jorge
Datas 1951-
702 ## - Autor secundário (pessoa individual)
ID Autoridade 2108
Apelido Cruz
Nome Afonso
Datas 1971-
801 ## - Fonte de origem
País PT
Agência BMMN
Regras de catalogação RPC
830 ## - Notas gerais do catalogador
Criado por Isabel
990 ## - Elementos KOHA
Tipo de documento Livro
Exemplares
Situação do levantamento Biblioteca de origem Código de barras Cota Permissão de empréstimo Tipo de documento Forma de aquisição
  Biblioteca Municipal de Montemor-o-Novo 30942 94(469)-93 LET|DEP-AIJ   Livro Compra

Powered by Koha